000
00416nam a2200133Ia 4500
008
100328s9999 xx 000 0 und d
082
_b
52133
100
_a
कदम माधव
245
_a
असा हा सिंधुदूर्ग
260
_b
युनिक
630
_a
असा हा सिंधुदूर्ग
730
_a
असा हा सिंधुदूर्ग
942
_c
BOOK
999
_c
538994
_d
538991